Sbor dobrovolných hasičů Kajlovec : historie /

Main Author: Sosna, Martin, 1986-
Language: Czech
Published: Hradec nad Moravicí : Městský úřad, [2008]
Subjects:
Physical Description: 43 s. : il., portréty ; 21 cm
Book
Saved in:
LEADER 02057nam a2200541 a 4500
001 nkc20081814102
003 CZ PrNK
005 20101124184934.0
007 ta
008 080814s2008 xr ac e f 000 0 cze
015 |a cnb001814102 
020 |a 978-80-254-3233-4  |q (v knize neuvedeno :  |q brož.) 
035 |a (OCoLC)259737408 
040 |a ABA001  |b cze 
043 |a e-xr---  |b e-xr-mo  |2 czenas 
045 |a x0y0 
072 7 |a 614.84  |x Požáry. Ochrana před požáry  |2 Konspekt  |9 14 
080 |a 614.842.83  |2 MRF 
080 |a 614.84  |2 MRF 
080 |a (437.326)  |2 MRF 
080 |a (036)  |2 MRF 
080 |a (082.2)  |2 MRF 
100 1 |a Sosna, Martin,  |d 1986-  |7 mzk2007401383  |4 aut 
245 1 0 |a Sbor dobrovolných hasičů Kajlovec :  |b historie /  |c Martin Sosna 
246 3 |a Sbor dobrovolných hasičů Kajlovec - historie 
260 |a Hradec nad Moravicí :  |b Městský úřad,  |c [2008] 
300 |a 43 s. :  |b il., portréty ;  |c 21 cm 
500 |a Název z obálky 
500 |a 100 výt. 
504 |a Obsahuje bibliografii 
648 4 |a 1909-2009 
650 0 7 |a hasičské sbory  |7 ph162652  |z Česko  |y 20.-21. stol.  |2 czenas 
650 0 7 |a požární ochrana  |7 ph124487  |z Česko  |y 20.-21. stol.  |2 czenas 
650 0 9 |a fire departments  |z Czechia  |y 20th-21st centuries  |2 eczenas 
650 0 9 |a fire protection  |z Czechia  |y 20th-21st centuries  |2 eczenas 
655 7 |a informační publikace  |7 fd132454  |2 czenas 
655 7 |a jubilejní publikace  |7 fd131839  |2 czenas 
655 9 |a information publications  |2 eczenas 
655 9 |a jubilee books  |2 eczenas 
610 2 7 |a Sbor dobrovolných hasičů (Kajlovec, Hradec nad Moravicí, Česko)  |7 mzk2008451554  |2 czenas 
651 7 |a Kajlovec (Hradec nad Moravicí, Česko)  |7 ge470951  |2 czenas 
651 9 |a Kajlovec (Hradec nad Moravicí, Czechia)  |2 eczenas 
910 2 |a BOA001  |b 2-1209.255 
928 9 |a Městský úřad Hradec nad Moravicí 
990 |a BK 
995 |a 01 
991 |b 200808  |c NOV 
996 6 |b 2610350722  |c 2-1209.255  |l MZK  |r Sklad / do 1 hodiny  |n 0  |p p.v.  |w 000907043  |u 000010  |a 1  |e BOA001  |j MZK50  |s P